[Event "107th YMCA Spring A"]
[Site "Warszawa"]
[Date "2012.04.13"]
[Round "1"]
[White "Cajbel, Maciej"]
[Black "Pieczonka, Marcin"]
[Result "1-0"]
[WhiteElo "2222"]
[BlackElo "2110"]
[PlyCount "63"]
[EventDate "2012.04.13"]
[EventType "tourn"]
[EventRounds "1"]
[EventCountry "POL"]
[SourceDate "2012.04.11"]

1. e4 e6 2. d4 d5 3. Nd2 Nf6 4. e5 Nfd7 5. f4 c5 6. c3 Nc6 7. Ndf3 f6 8. Bd3
cxd4 9. cxd4 Be7 10. Ne2 Qb6 11. Bb1 O-O 12. Qd3 g6 13. exf6 Bxf6 14. h4 Rf7
15. h5 Nf8 16. hxg6 hxg6 17. Ne5 Bxe5 18. fxe5 Bd7 19. Rh6 Qb4+ 20. Bd2 Qxb2
21. Bc3 Qa3 22. Qh3 Rh7 23. Rxh7 Nxh7 24. Bxg6 Qe7 25. Nf4 Ng5 26. Qh6 Ne4 27.
Bxe4 dxe4 28. d5 Nd8 29. dxe6 Nxe6 30. Nd5 Qc5 31. Nf6+ Kf7 32. Qh5+ 1-0

[Event "107th YMCA Spring A"]
[Site "Warszawa"]
[Date "2012.04.18"]
[Round "1"]
[White "Zaczek, Jonathon"]
[Black "Goslawski, Michal"]
[Result "1-0"]
[WhiteElo "2126"]
[BlackElo "2067"]
[PlyCount "51"]
[EventDate "2012.04.13"]
[EventType "tourn"]
[EventRounds "1"]
[EventCountry "POL"]
[SourceDate "2012.04.11"]

1. e4 e6 2. d4 d5 3. Nc3 Bb4 4. e5 Ne7 5. a3 Bxc3+ 6. bxc3 c5 7. Qg4 Qc7 8.
Qxg7 Rg8 9. Qxh7 cxd4 10. Ne2 Nbc6 11. f4 Bd7 12. Rb1 O-O-O 13. Qd3 Na5 14.
cxd4 Nc4 15. Bd2 Kb8 16. h4 Nf5 17. h5 Rc8 18. Rh3 Nxd2 19. Qxd2 Qxc2 20. Qb4
Bc6 21. h6 Qc4 22. Qd2 Qa4 23. h7 Rh8 24. g4 Ne7 25. Rb4 Qa6 26. Nc1 1-0

[Event "107th YMCA Spring A"]
[Site "Warszawa"]
[Date "2012.04.13"]
[Round "1"]
[White "Guerrero Rodriguez, Alejandra"]
[Black "Sawicki, Mikolaj"]
[Result "1-0"]
[WhiteElo "2057"]
[BlackElo "2018"]
[PlyCount "85"]
[EventDate "2012.04.13"]
[EventType "tourn"]
[EventRounds "1"]
[EventCountry "POL"]
[SourceDate "2012.04.11"]

1. e4 g6 2. d4 Bg7 3. Nc3 c6 4. Be3 d5 5. f3 Qb6 6. Qd2 Qxb2 7. Rb1 Qa3 8. exd5
Nf6 9. Bc4 O-O 10. Nge2 Nbd7 11. dxc6 bxc6 12. O-O Nb6 13. Bb3 Ba6 14. Ne4 Nc4
15. Nxf6+ Bxf6 16. Qd3 Qb4 17. Bh6 Bg7 18. Bxg7 Kxg7 19. a3 Nxa3 20. Qxa6 Nxb1
21. Rxb1 Qd6 22. Qd3 a5 23. Ra1 Rfd8 24. Qc3 e6 25. Rxa5 Rxa5 26. Qxa5 Rc8 27.
Qe5+ Qxe5 28. dxe5 g5 29. Kf2 Kg6 30. Ng3 h5 31. Bc4 Ra8 32. Ke3 Ra5 33. Bd3+
Kh6 34. f4 gxf4+ 35. Kxf4 Ra4+ 36. Ne4 Ra5 37. Nd6 Ra7 38. Be4 Rc7 39. c4 c5
40. h4 Rd7 41. Bc6 Rc7 42. Be8 Kg6 43. Bxf7+ 1-0

[Event "107th YMCA Spring A"]
[Site "Warszawa"]
[Date "2012.04.13"]
[Round "1"]
[White "Choroszej, Aleksander"]
[Black "Sielicki, Tomasz"]
[Result "1/2-1/2"]
[WhiteElo "2070"]
[BlackElo "2011"]
[Annotator "M"]
[PlyCount "49"]
[EventDate "2012.04.13"]
[EventType "tourn"]
[EventRounds "1"]
[EventCountry "POL"]
[SourceDate "2012.04.11"]

1. d4 d5 2. c4 c6 3. e3 Bf5 4. Nc3 e6 5. Bd3 Bxd3 6. Qxd3 Nf6 7. Nf3 Nbd7 8.
O-O Bd6 9. b3 O-O 10. Bb2 Qa5 11. e4 dxe4 12. Nxe4 Nxe4 13. Qxe4 Qh5 14. Rfe1
Rad8 $11 15. Rad1 Rfe8 16. Qc2 f6 17. h3 Nf8 18. Qe4 Ng6 19. Qg4 Qxg4 20. hxg4
h6 21. g3 Kf7 22. Kg2 Bb4 23. Re2 e5 24. a3 Bf8 25. Rde1 $11 1/2-1/2

[Event "107th YMCA Spring A"]
[Site "Warszawa"]
[Date "2012.04.13"]
[Round "1"]
[White "Zurkowski, Andrzej"]
[Black "Moskwinski, Tadeusz"]
[Result "1-0"]
[WhiteElo "2021"]
[BlackElo "2127"]
[PlyCount "69"]
[EventDate "2012.04.13"]
[EventType "tourn"]
[EventRounds "1"]
[EventCountry "POL"]
[SourceDate "2012.04.11"]

1. d4 f5 2. c4 Nf6 3. g3 e6 4. Bg2 d5 5. Nf3 c6 6. O-O Bd6 7. cxd5 exd5 8. Ne5
O-O 9. f4 Ne4 10. Nc3 Qe7 11. a3 Nd7 12. Nxe4 fxe4 13. b4 a5 14. Qb3 Nf6 15.
Bd2 axb4 16. axb4 Be6 17. h3 Qc7 18. g4 Qb6 19. e3 Kh8 20. f5 Rxa1 21. Rxa1 Bc8
22. Ra8 Qc7 23. b5 c5 24. b6 c4 25. Qb5 Qe7 26. g5 Nd7 27. Nxd7 Qxd7 28. Qxd7
Bxd7 29. Ra5 Rxf5 30. h4 Bc6 31. Bxe4 Rf8 32. Bxd5 Bxd5 33. Rxd5 Ba3 34. Rd7
Bb2 35. Rc7 1-0

[Event "107th YMCA Spring A"]
[Site "Warszawa"]
[Date "2012.04.13"]
[Round "1"]
[White "Jarmula, Lukasz"]
[Black "Jozwik, Jacek"]
[Result "1-0"]
[WhiteElo "2013"]
[BlackElo "2007"]
[PlyCount "69"]
[EventDate "2012.04.13"]
[EventType "tourn"]
[EventRounds "1"]
[EventCountry "POL"]
[SourceDate "2012.04.11"]

1. d4 Nf6 2. c4 g6 3. g3 Bg7 4. Bg2 d6 5. Nf3 O-O 6. Nc3 c6 7. O-O Qa5 8. e4
Bg4 9. h3 Bxf3 10. Bxf3 Nbd7 11. Qe2 e5 12. d5 cxd5 13. cxd5 a6 14. Bd2 Rfc8
15. Rfc1 Qd8 16. Rc2 Qf8 17. h4 h5 18. Qe3 Kh7 19. Rac1 Bh6 20. Qe2 Bxd2 21.
Qxd2 Qh6 22. Qd1 g5 23. hxg5 Qxg5 24. Qf1 Rg8 25. Qh3 Nc5 26. Be2 Rg6 27. b4
Ncd7 28. Nd1 Rag8 29. Ne3 h4 30. Bf3 Rh6 31. Nf5 Rh5 32. Bxh5 Nxh5 33. Qxh4
Ndf6 34. Qxg5 Rxg5 35. Nxd6 1-0

[Event "107th YMCA Spring A"]
[Site "Warszawa"]
[Date "2012.04.20"]
[Round "2"]
[White "Pieczonka, Marcin"]
[Black "Jozwik, Jacek"]
[Result "1-0"]
[WhiteElo "2110"]
[BlackElo "2007"]
[PlyCount "47"]
[EventDate "2012.04.13"]
[EventType "tourn"]
[EventRounds "1"]
[EventCountry "POL"]
[SourceDate "2012.04.11"]

1. e4 c6 2. d4 d5 3. Nc3 dxe4 4. Nxe4 Bf5 5. Ng3 Bg6 6. Nf3 Nd7 7. Bd3 Ngf6 8.
O-O e6 9. Bg5 Be7 10. Re1 Nd5 11. Bxe7 Nxe7 12. Qd2 O-O 13. Rad1 Qc7 14. h4
Rad8 15. h5 Bxd3 16. Qxd3 h6 17. c4 Nf6 18. b4 b6 19. Qe3 b5 20. cxb5 Ned5 21.
Qe5 cxb5 22. Rc1 Qe7 23. a3 Nd7 24. Qxd5 1-0

[Event "107th YMCA Spring A"]
[Site "Warszawa"]
[Date "2012.04.11"]
[Round "2"]
[White "Moskwinski, Tadeusz"]
[Black "Jarmula, Lukasz"]
[Result "1-0"]
[WhiteElo "2127"]
[BlackElo "2013"]
[PlyCount "53"]
[EventDate "2012.04.13"]
[EventType "tourn"]
[EventRounds "1"]
[EventCountry "POL"]
[SourceDate "2012.04.11"]

1. e4 c5 2. Nf3 d6 3. c3 Nf6 4. Be2 Nbd7 5. d3 b6 6. O-O Bb7 7. Nbd2 g6 8. Re1
Bg7 9. Bf1 O-O 10. g3 Qc7 11. Qe2 e5 12. Bg2 d5 13. Nh4 dxe4 14. dxe4 Ne8 15.
Nf1 Nd6 16. Rd1 Rad8 17. Qc2 f5 18. Bg5 Bf6 19. Bxf6 Nxf6 20. exf5 Bxg2 21.
Nxg2 gxf5 22. f4 Nde4 23. Nfe3 Nh5 24. Nxf5 Rxd1+ 25. Rxd1 Qb7 26. Qb3+ Kh8 27.
Qe6 1-0

[Event "107th YMCA Spring A"]
[Site "Warszawa"]
[Date "2012.05.09"]
[Round "2"]
[White "Sielicki, Tomasz"]
[Black "Zurkowski, Andrzej"]
[Result "1/2-1/2"]
[WhiteElo "2011"]
[BlackElo "2021"]
[Annotator "M"]
[PlyCount "147"]
[EventDate "2012.04.13"]
[EventType "tourn"]
[EventRounds "1"]
[EventCountry "POL"]
[SourceDate "2012.04.11"]

1. d4 f5 2. e4 fxe4 3. Nc3 Nf6 4. Bg5 e6 5. Nxe4 Be7 6. Bxf6 Bxf6 7. Nf3 Nc6 8.
Bd3 Qe7 9. Nxf6+ Qxf6 10. Qe2 Nxd4 11. Nxd4 Qxd4 12. Qh5+ g6 13. Qh6 Qe5+ 14.
Kd2 b6 15. Rhe1 Qf6 16. Rad1 Bb7 17. Kc1 O-O-O 18. f3 Rdf8 19. Be4 Rf7 20.
Bxb7+ Kxb7 21. Qe3 Rd8 22. a4 Qf5 23. Rd3 Kc8 24. a5 Qf4 25. axb6 axb6 26. Kd2
Qxe3+ 27. Rexe3 Re8 28. Ra3 Kb7 29. Rec3 c5 30. Rcb3 d5 31. Ra4 e5 32. Rba3 Kc6
33. Ra8 Ree7 34. Rc8+ Rc7 35. Re8 Rfe7 36. Raa8 Rxe8 37. Rxe8 Kd6 38. Rb8 e4
39. fxe4 dxe4 40. Rxb6+ Ke5 41. Ke3 Rf7 42. Rb5 Kd6 43. b4 cxb4 44. Rxb4 Rc7
45. Rd4+ Kc5 46. Rxe4 Ra7 47. c4 Rf7 48. Rf4 Ra7 49. Kf3 Rb7 50. h4 Rb3+ 51.
Kf2 Rb7 52. Re4 Kd6 53. Kf3 Rb2 54. g3 Ra2 55. Kf4 Ra5 56. Re3 Rf5+ 57. Ke4 Rf1
58. Rf3 Rc1 59. Kd4 Rd1+ 60. Rd3 Re1 61. c5+ Kc6 62. Re3 Rd1+ 63. Ke5 Rf1 64.
Ke4 Kxc5 65. Rf3 Rd1 66. Ke5 Kc4 67. Kf6 Rd7 68. Ke6 Ra7 69. Rf7 Ra3 70. Rxh7
Rxg3 71. Ke5 Rg4 72. Kf6 Kd3 73. Rh6 Ke4 74. Rxg6 $11 1/2-1/2

[Event "107th YMCA Spring A"]
[Site "Warszawa"]
[Date "2012.04.25"]
[Round "2"]
[White "Sawicki, Mikolaj"]
[Black "Choroszej, Aleksander"]
[Result "0-1"]
[WhiteElo "2018"]
[BlackElo "2070"]
[Annotator "M"]
[PlyCount "72"]
[EventDate "2012.04.13"]
[EventType "tourn"]
[EventRounds "1"]
[EventCountry "POL"]
[SourceDate "2012.04.11"]

1. e4 g6 2. d4 Bg7 3. Nc3 d6 4. f4 Nf6 5. Nf3 O-O 6. Bd3 Na6 7. O-O c5 8. d5 e6
9. dxe6 Bxe6 10. f5 Bc8 11. fxg6 hxg6 12. Bg5 Nc7 13. Kh1 a6 14. a4 b6 15. Nd5
Ncxd5 16. exd5 Qc7 17. c4 Bg4 18. Qd2 Bxf3 19. Rxf3 Nd7 20. Bh6 Ne5 21. Bxg7
Kxg7 22. Rh3 Rh8 23. Rxh8 Rxh8 24. a5 $11 bxa5 25. Be2 Rb8 26. Ra3 f5 27. b3 a4
28. Rxa4 Rxb3 29. h3 Qb6 30. Qg5 Rb1+ 31. Kh2 Re1 32. Qe7+ Nf7 33. Ra3 Qb1 34.
Rxa6 Rh1+ 35. Kg3 Qe1+ 36. Kf4 Rf1+ 0-1

[Event "107th YMCA Spring A"]
[Site "Warszawa"]
[Date "2012.04.17"]
[Round "2"]
[White "Goslawski, Michal"]
[Black "Guerrero Rodriguez, Alejandra"]
[Result "1/2-1/2"]
[WhiteElo "2067"]
[BlackElo "2057"]
[PlyCount "89"]
[EventDate "2012.04.13"]
[EventType "tourn"]
[EventRounds "1"]
[EventCountry "POL"]
[SourceDate "2012.04.11"]

1. Nf3 Nf6 2. c4 g6 3. Nc3 Bg7 4. e4 O-O 5. d4 c5 6. d5 d6 7. Be2 e6 8. O-O
exd5 9. cxd5 Bg4 10. Bf4 a6 11. a4 Re8 12. h3 Bxf3 13. Bxf3 Qb6 14. a5 Qc7 15.
e5 dxe5 16. d6 Qc8 17. Bg5 Nbd7 18. Nd5 Nxd5 19. Bxd5 Bf6 20. Bh6 e4 21. Re1
Qd8 22. Bxf7+ Kxf7 23. Qd5+ Re6 24. Rxe4 Be5 25. f4 Bd4+ 26. Kh2 Qf6 27. Rae1
Rae8 28. Qxb7 Rxe4 29. Qxd7+ Kg8 30. Qxe8+ Rxe8 31. Rxe8+ Kf7 32. Rf8+ Ke6 33.
Rxf6+ Bxf6 34. b3 Kxd6 35. Kg3 Bc3 36. Kf3 Kd5 37. Ke3 Bxa5 38. Kd3 Be1 39. g4
Bg3 40. Bg5 Bf2 41. Bh6 Bd4 42. Bf8 Bf6 43. Bh6 Bd8 44. Bf8 Bc7 45. Bh6 1/2-1/2

[Event "107th YMCA Spring A"]
[Site "Warszawa"]
[Date "2012.04.26"]
[Round "3"]
[White "Zaczek, Jonathon"]
[Black "Pieczonka, Marcin"]
[Result "1/2-1/2"]
[WhiteElo "2126"]
[BlackElo "2110"]
[PlyCount "59"]
[EventDate "2012.04.13"]
[EventType "tourn"]
[EventRounds "1"]
[EventCountry "POL"]
[SourceDate "2012.04.11"]

1. e4 c5 2. Nf3 g6 3. d4 Bg7 4. Nc3 cxd4 5. Nxd4 Nc6 6. Be3 Nf6 7. Bc4 O-O 8.
Bb3 d6 9. f3 Na5 10. Qd2 Nxb3 11. axb3 Bd7 12. g4 h5 13. g5 Ne8 14. f4 Nc7 15.
f5 a6 16. O-O Rc8 17. Rf2 Be5 18. Raf1 Bg7 19. Nde2 d5 20. fxg6 fxg6 21. Rxf8+
Bxf8 22. exd5 Bf5 23. Nd4 Bh3 24. Qd3 Bxf1 25. Qxg6+ Bg7 26. Nf5 Qf8 27. Bd4
Bh3 28. Nh6+ Kh8 29. Nf7+ Kg8 30. Nh6+ 1/2-1/2

[Event "107th YMCA Spring A"]
[Site "Warszawa"]
[Date "2012.05.03"]
[Round "3"]
[White "Guerrero Rodriguez, Alejandra"]
[Black "Cajbel, Maciej"]
[Result "0-1"]
[WhiteElo "2057"]
[BlackElo "2222"]
[PlyCount "146"]
[EventDate "2012.04.13"]
[EventType "tourn"]
[EventRounds "1"]
[EventCountry "POL"]
[SourceDate "2012.04.11"]

1. e4 c5 2. Nf3 e6 3. c3 d5 4. e5 Nc6 5. d4 Qb6 6. a3 Bd7 7. b4 cxd4 8. cxd4
Rc8 9. Be2 Nh6 10. O-O Nf5 11. Be3 Be7 12. Nbd2 O-O 13. Nb3 Nxe3 14. fxe3 a5
15. b5 Na7 16. a4 Rc3 17. Rc1 Rfc8 18. Rxc3 Rxc3 19. Bd3 Qc7 20. Nc5 b6 21. Qa1
Rxc5 22. dxc5 Bxc5 23. Qe1 h6 24. Kh1 Nc8 25. Bb1 Ne7 26. Qh4 Nf5 27. Bxf5 exf5
28. Rc1 Qb8 29. Qg3 Qd8 30. Nd4 Qg5 31. Qxg5 hxg5 32. Kg1 f4 33. Kf2 Kf8 34.
Ke2 Ke7 35. Kd3 fxe3 36. Kxe3 f6 37. exf6+ gxf6 38. Kd3 f5 39. Re1+ Kf6 40. h3
f4 41. Re2 g4 42. hxg4 Bxg4 43. Re1 Bd7 44. Rh1 Be8 45. Nf3 Bg6+ 46. Kc3 Be3
47. Rh6 Kg7 48. Rh2 Be4 49. Nd4 Bg6 50. Rh4 Kf6 51. Rg4 Be4 52. Nf3 Kf5 53. Rg8
Bc5 54. Nd4+ Ke5 55. Re8+ Kd6 56. Re6+ Kd7 57. Rf6 Bd6 58. Rf7+ Ke8 59. Rb7
Bb4+ 60. Kb2 Bxg2 61. Rxb6 Bc5 62. Rb8+ Kd7 63. Kc3 f3 64. Rb7+ Ke8 65. Nxf3
Bxf3 66. Rc7 Bb6 67. Rh7 Be4 68. Rh6 Be3 69. Ra6 Kd7 70. Rxa5 d4+ 71. Kb2 d3
72. b6 d2 73. b7 Bxb7 0-1

[Event "107th YMCA Spring A"]
[Site "Warszawa"]
[Date "2012.05.11"]
[Round "3"]
[White "Choroszej, Aleksander"]
[Black "Goslawski, Michal"]
[Result "1-0"]
[WhiteElo "2070"]
[BlackElo "2067"]
[PlyCount "109"]
[EventDate "2012.04.13"]
[EventType "tourn"]
[EventRounds "1"]
[EventCountry "POL"]
[SourceDate "2012.04.11"]

1. d4 Nf6 2. c4 e6 3. Nc3 Bb4 4. e3 O-O 5. Bd3 d5 6. Nge2 dxc4 7. Bxc4 c5 8.
O-O Nc6 9. a3 cxd4 10. Nb5 Be7 11. Nexd4 Nxd4 12. exd4 a6 13. Nc3 b5 14. Be2
Bb7 15. Be3 Nd5 16. Bf3 Nxc3 17. bxc3 Bxf3 18. Qxf3 Rc8 19. Bf4 Qd7 20. Rfd1
Bf6 21. Rd3 Rfd8 22. Re1 Qc6 23. Qh5 Rd5 24. Be5 Bxe5 25. Rxe5 Rxe5 26. dxe5
Qe4 27. Qd1 h6 28. Re3 Qc4 29. h3 Qc5 30. Qd7 Qc7 31. Qd6 Qxd6 32. exd6 Kf8 33.
Rd3 Rb8 34. a4 Ke8 35. axb5 axb5 36. Rg3 g6 37. Rf3 Rc8 38. d7+ Kxd7 39. Rxf7+
Kd6 40. Rf3 Kd5 41. Kf1 Kc4 42. Ke2 Kb3 43. Kd2 Kb2 44. Rd3 h5 45. Rd6 Kb3 46.
Rd3 Rf8 47. f3 h4 48. Rd4 Rf5 49. Rb4+ Ka2 50. Rxh4 Kb3 51. Rb4+ Ka3 52. Kc2
Rg5 53. Rg4 Rc5 54. Re4 e5 55. h4 1-0

[Event "107th YMCA Spring A"]
[Site "Warszawa"]
[Date "2012.04.27"]
[Round "3"]
[White "Zurkowski, Andrzej"]
[Black "Sawicki, Mikolaj"]
[Result "1-0"]
[WhiteElo "2021"]
[BlackElo "2018"]
[PlyCount "53"]
[EventDate "2012.04.13"]
[EventType "tourn"]
[EventRounds "1"]
[EventCountry "POL"]
[SourceDate "2012.04.11"]

1. d4 Nf6 2. c4 g6 3. Nc3 d5 4. cxd5 Nxd5 5. e4 Nxc3 6. bxc3 Bg7 7. Bc4 c5 8.
Be3 O-O 9. Ne2 Nc6 10. O-O Bd7 11. h3 Rc8 12. dxc5 Qc7 13. Qc2 Ne5 14. Bb3 Bb5
15. c4 Ba6 16. Rad1 Nd7 17. Nf4 Nxc5 18. Nd5 Qd6 19. Bg5 Qe5 20. Nxe7+ Kh8 21.
Nxc8 Rxc8 22. Rd5 Qe8 23. Rfd1 Ne6 24. Be3 b6 25. Rd7 Rc7 26. Rxc7 Nxc7 27. c5
1-0

[Event "107th YMCA Spring A"]
[Site "Warszawa"]
[Date "2012.04.27"]
[Round "3"]
[White "Jarmula, Lukasz"]
[Black "Sielicki, Tomasz"]
[Result "1-0"]
[WhiteElo "2013"]
[BlackElo "2011"]
[Annotator "M"]
[PlyCount "75"]
[EventDate "2012.04.13"]
[EventType "tourn"]
[EventRounds "1"]
[EventCountry "POL"]
[SourceDate "2012.04.11"]

1. e4 e5 2. Nf3 Nc6 3. Bc4 Bc5 4. b4 Bxb4 5. c3 Be7 6. d4 Na5 7. Be2 exd4 8.
Qxd4 Nf6 9. e5 Nc6 10. Qh4 Nd5 11. Qg3 Kf8 12. O-O d6 13. Rd1 Be6 14. c4 Ndb4
15. a3 Na6 16. Bb2 f6 17. Qf4 Kg8 18. Qe3 Kf7 19. exf6 Bxf6 20. Bxf6 gxf6 21.
Nh4 Qg8 22. Bh5+ Kf8 23. Nc3 Nc5 24. Ne4 Nxe4 25. Qxe4 Bf7 26. Bxf7 Qxf7 27. c5
Re8 28. Qf4 dxc5 29. Nf5 Nd4 30. Qh6+ Kg8 31. Nxd4 cxd4 32. Rxd4 Qg6 33. Qh4 h5
34. Rad1 Rh7 35. h3 Rhe7 36. R1d3 Kf7 37. Rd7 Qf5 38. Qc4+ $138 1-0

[Event "107th YMCA Spring A"]
[Site "Warszawa"]
[Date "2012.05.09"]
[Round "3"]
[White "Jozwik, Jacek"]
[Black "Moskwinski, Tadeusz"]
[Result "1/2-1/2"]
[WhiteElo "2007"]
[BlackElo "2127"]
[PlyCount "40"]
[EventDate "2012.04.13"]
[EventType "tourn"]
[EventRounds "1"]
[EventCountry "POL"]
[SourceDate "2012.04.11"]

1. d4 f5 2. Nf3 Nf6 3. Bg5 Ne4 4. h4 c5 5. e3 Qb6 6. Nbd2 Qxb2 7. Nxe4 fxe4 8.
Nd2 cxd4 9. Bc4 Nc6 10. O-O e6 11. Nxe4 d5 12. Qh5+ g6 13. Nf6+ Kf7 14. Qf3
dxc4 15. Nxh7+ Ke8 16. Nf6+ Ke7 17. Ng8+ Ke8 18. Nf6+ Ke7 19. Ng8+ Ke8 20. Nf6+
Ke7 1/2-1/2

[Event "107th YMCA Spring A"]
[Site "Warszawa"]
[Date "2012.05.04"]
[Round "4"]
[White "Pieczonka, Marcin"]
[Black "Moskwinski, Tadeusz"]
[Result "1-0"]
[WhiteElo "2110"]
[BlackElo "2127"]
[PlyCount "95"]
[EventDate "2012.04.13"]
[EventType "tourn"]
[EventRounds "1"]
[EventCountry "POL"]
[SourceDate "2012.04.11"]

1. e4 c5 2. Nf3 Nc6 3. Nc3 d6 4. d4 cxd4 5. Nxd4 Nf6 6. Be3 Ng4 7. Bg5 Qb6 8.
Bb5 e5 9. Nd5 Qxd4 10. Qxd4 exd4 11. Nc7+ Kd7 12. Nxa8 h6 13. Bh4 g5 14. Bg3 b6
15. Rd1 Bb7 16. h3 Nge5 17. Rxd4 Bg7 18. Nxb6+ axb6 19. Rd2 Ke6 20. O-O Na5 21.
Rfd1 Rd8 22. Rd4 Nac6 23. Ra4 Ne7 24. f3 Rc8 25. c3 N7c6 26. h4 Na5 27. Rad4
Rd8 28. Bf2 Nac6 29. Rd5 Bf8 30. Bxb6 Ra8 31. hxg5 hxg5 32. a4 Na7 33. Bxa7
Rxa7 34. R5d4 Be7 35. b4 f5 36. exf5+ Kxf5 37. a5 Ba8 38. a6 Rc7 39. c4 Bf8 40.
Kf1 g4 41. f4 Ng6 42. g3 Rh7 43. Rd5+ Bxd5 44. Rxd5+ Ke4 45. Bc6 Ke3 46. Kg2
Ne7 47. a7 Nxd5 48. a8=Q 1-0

[Event "107th YMCA Spring A"]
[Site "Warszawa"]
[Date "2012.05.16"]
[Round "4"]
[White "Sielicki, Tomasz"]
[Black "Jozwik, Jacek"]
[Result "0-1"]
[WhiteElo "2011"]
[BlackElo "2007"]
[PlyCount "80"]
[EventDate "2012.04.13"]
[EventType "tourn"]
[EventRounds "1"]
[EventCountry "POL"]
[SourceDate "2012.04.11"]

1. d4 Nf6 2. Bg5 Ne4 3. h4 c6 4. Nd2 Nxd2 5. Qxd2 d5 6. e3 Bf5 7. Nf3 h6 8. Bf4
e6 9. Be2 Be7 10. h5 Nd7 11. Ne5 Bf6 12. g4 Be4 13. Rg1 Nxe5 14. dxe5 Bh4 15.
Bg3 Be7 16. f3 Bh7 17. Bf2 Qb6 18. c3 O-O-O 19. b4 c5 20. a3 a5 21. Kf1 cxb4
22. axb4 axb4 23. e4 Qc6 24. Kg2 dxe4 25. Qe3 b3 26. Ra5 b6 27. Qxb6 Qxb6 28.
Bxb6 Rd2 29. Ra8+ Kb7 30. Rxh8 Rxe2+ 31. Kg3 exf3 32. Rxh7 Rg2+ 33. Kxf3 Rxg1
34. Bxg1 b2 35. Rxg7 b1=Q 36. Rxf7 Qd1+ 37. Kg3 Qxg1+ 38. Kh3 Qh1+ 39. Kg3 Qh4+
40. Kf3 Kc6 0-1

[Event "107th YMCA Spring A"]
[Site "Warszawa"]
[Date "2012.05.04"]
[Round "4"]
[White "Sawicki, Mikolaj"]
[Black "Jarmula, Lukasz"]
[Result "1/2-1/2"]
[WhiteElo "2018"]
[BlackElo "2013"]
[Annotator "M"]
[PlyCount "138"]
[EventDate "2012.04.13"]
[EventType "tourn"]
[EventRounds "1"]
[EventCountry "POL"]
[SourceDate "2012.04.11"]

1. e4 c5 2. f4 Nc6 3. Nf3 e6 4. Bb5 Nd4 5. Nxd4 cxd4 6. O-O a6 7. Be2 d5 8. d3
g6 9. Bf3 Ne7 10. Nd2 Bg7 11. Qe2 O-O 12. Nb3 Qc7 13. Qf2 Nc6 14. exd5 exd5 15.
Bd2 Be6 16. g4 f5 17. g5 h5 18. Rfe1 Bf7 19. Bg2 a5 20. c3 Qb6 21. Rab1 Rfe8
22. Kh1 Qb5 23. Bf1 Rxe1 24. Bxe1 Qb6 25. Nd2 Qc7 26. Nb3 Qb6 27. Kg2 a4 28.
Nc1 Qd8 29. Ne2 dxc3 30. Bxc3 d4 31. Bd2 Qd5+ 32. Kg3 Qxa2 33. Qe1 Re8 34. Qc1
Qb3 35. Ng1 Nb4 36. Qd1 Qxd1 37. Rxd1 Nd5 38. Ra1 b5 39. Bg2 Ne3 40. Bc6 Rb8
41. Nf3 Be8 42. Rc1 Nf1+ 43. Kf2 Nxd2 44. Nxd2 Bf7 45. Bd7 Bf8 46. Nf3 Bd6 47.
Ne5 Bxe5 48. fxe5 Be8 49. Bxe8 Rxe8 50. Rc5 Rb8 51. Ke2 b4 52. Kd2 a3 53. Ra5
f4 54. bxa3 bxa3 55. Rxa3 Rb2+ 56. Ke1 Rxh2 57. Ra6 Rg2 58. Rxg6+ Kh7 59. Rh6+
Kg7 60. Rxh5 Kg6 61. e6 Rg3 62. Rh2 f3 63. Kf2 Rxg5 $11 64. Kxf3 Re5 65. Rh4
Re3+ 66. Kf2 Rxd3 67. Re4 Re3 68. Rxe3 dxe3+ 69. Kxe3 Kf6 1/2-1/2

[Event "107th YMCA Spring A"]
[Site "Warszawa"]
[Date "2012.05.04"]
[Round "4"]
[White "Goslawski, Michal"]
[Black "Zurkowski, Andrzej"]
[Result "1/2-1/2"]
[WhiteElo "2067"]
[BlackElo "2021"]
[PlyCount "59"]
[EventDate "2012.04.13"]
[EventType "tourn"]
[EventRounds "1"]
[EventCountry "POL"]
[SourceDate "2012.04.11"]

1. e4 d5 2. exd5 Qxd5 3. Nc3 Qd6 4. d4 Nf6 5. Nf3 a6 6. g3 Bg4 7. Bg2 Nc6 8.
O-O Rd8 9. h3 Bxf3 10. Qxf3 Nxd4 11. Qxb7 e5 12. Bg5 Be7 13. Bxf6 gxf6 14. Ne4
Qb6 15. Qxb6 cxb6 16. c3 Ne6 17. Rfd1 O-O 18. g4 Nf4 19. Bf1 h5 20. Kh2 hxg4
21. hxg4 a5 22. Kg3 Kg7 23. Kf3 Kg6 24. Bb5 f5 25. gxf5+ Kxf5 26. Bd7+ Ne6 27.
Ng3+ Kf6 28. Ne4+ Kf5 29. Ng3+ Kf6 30. Ne4+ 1/2-1/2

[Event "107th YMCA Spring A"]
[Site "Warszawa"]
[Date "2012.05.04"]
[Round "4"]
[White "Cajbel, Maciej"]
[Black "Choroszej, Aleksander"]
[Result "1-0"]
[WhiteElo "2222"]
[BlackElo "2070"]
[Annotator "M"]
[PlyCount "97"]
[EventDate "2012.04.13"]
[EventType "tourn"]
[EventRounds "1"]
[EventCountry "POL"]
[SourceDate "2012.04.11"]

1. e4 g6 2. d4 Bg7 3. Nc3 d6 4. f4 Nf6 5. Nf3 O-O 6. Bd3 Nc6 7. d5 Nb4 8. Bc4
c6 9. O-O cxd5 10. exd5 Bf5 11. Bb3 Rc8 12. Kh1 Qb6 13. a3 Na6 14. Na4 Qc7 15.
Nd4 Bd7 16. Nc3 Nc5 17. Be3 Nxb3 18. cxb3 b6 19. f5 Qb7 20. Qf3 Rc5 21. b4 Rc4
22. b5 Rxc3 23. bxc3 Qxd5 24. fxg6 hxg6 25. c4 Qxf3 26. Nxf3 Rc8 27. Rac1 Ng4
28. Bd4 $11 e5 29. Bg1 f5 30. Rfd1 Bf8 31. h3 Nf6 32. a4 Be6 33. a5 Rxc4 34.
axb6 axb6 35. Bxb6 Nd7 36. Bc7 Rb4 37. Rb1 Rxb1 38. Rxb1 Bd5 39. Rd1 Bc4 40. b6
Ba6 41. Bxd6 Nc5 42. Bxf8 Kxf8 43. Nxe5 Ne4 44. Ra1 Bb7 45. Ra7 Nc5 46. Nd7+
Nxd7 47. Rxb7 Ke7 48. h4 Kd6 49. Kh2 1-0

[Event "107th YMCA Spring A"]
[Site "Warszawa"]
[Date "2012.05.09"]
[Round "4"]
[White "Zaczek, Jonathon"]
[Black "Guerrero Rodriguez, Alejandra"]
[Result "1/2-1/2"]
[WhiteElo "2126"]
[BlackElo "2057"]
[Annotator "M"]
[PlyCount "181"]
[EventDate "2012.04.13"]
[EventType "tourn"]
[EventRounds "1"]
[EventCountry "POL"]
[SourceDate "2012.04.11"]

1. e4 c5 2. Nf3 g6 3. d4 Bg7 4. Nc3 cxd4 5. Nxd4 Nc6 6. Be3 Nf6 7. Bc4 d6 8. f3
Qb6 9. Bb5 Qc7 10. Qd2 a6 11. Ba4 O-O 12. O-O-O Nxd4 13. Bxd4 Be6 14. Bb3 b5
15. Rhe1 Bc4 16. Kb1 e5 17. Be3 Rfd8 18. Bg5 b4 19. Bxf6 Bxf6 20. Bxc4 bxc3 21.
Qxc3 Rab8 22. b3 Rdc8 23. Ka1 Be7 24. Rd5 Rb5 25. Red1 Rxd5 26. Rxd5 Qb6 27.
Qd2 Qg1+ 28. Kb2 Rc6 29. h3 Qb6 30. Qe2 Bg5 31. Rd1 Be3 32. c3 a5 33. a4 Bc5
34. Qd3 Rc7 35. Qd5 Qb7 36. Qxb7 Rxb7 37. Rb1 Kf8 38. Kc2 Ke7 39. Bb5 Ra7 40.
Kd3 Bb6 41. Bc6 Rc7 42. Bd5 f5 43. b4 h6 44. c4 f4 45. bxa5 Bxa5 46. Rb8 Ra7
47. Rh8 Kf6 48. Bc6 h5 49. Bb5 Bb6 50. Ke2 Bc5 51. Rc8 Ke6 52. Rc6 Bb4 53. Rc8
Bc5 54. Rg8 Kf6 55. Be8 Rg7 56. Rh8 Rb7 57. Bb5 Ra7 58. Kd3 Bb4 59. Kc2 Bc5 60.
Kb3 Bd4 61. Rb8 Bc5 62. Kc2 Bd4 63. Kd3 Bc5 64. Ke2 Bd4 65. Kf1 Bc5 66. Ke2 Bd4
67. Kd1 Bc5 68. Kc2 Bd4 $11 69. Kb3 Bc5 70. Bc6 Ke7 71. Ra8 Rxa8 72. Bxa8 Kd7
73. a5 Kc7 74. Ka4 h4 75. Kb5 Ba7 76. Bd5 Bc5 77. Ba8 Ba7 78. c5 Bxc5 79. Kc4
Kb8 80. Bc6 Ka7 81. Bb5 Ba3 82. Kd5 Bc5 83. Kc6 Bb4 84. a6 Bc5 85. Bc4 Bb4 86.
Kc7 Bc5 87. Kd7 Bb4 88. Ke6 Bc5 89. Kf6 Bb4 90. Kxg6 Bc5 91. Kf7 $11 1/2-1/2